书目信息 |
| 题名: |
战国策
|
|
| 作者: | 刘向 集录 ;任浩之 编译 | |
| 分册: | ||
| 出版信息: | 北京 当代世界出版社 2007.08 |
|
| 页数: | 19, 424页 | |
| 开本: | 21cm | |
| 丛书名: | ||
| 单 册: | ||
| 中图分类: | K231.04 | |
| 科图分类: | ||
| 主题词: | 战国时代--zhan guo shi dai--历史--史料 | |
| 电子资源: | ||
| ISBN: | 978-7-5090-0235-3 | |
| 000 | 00838nam0 2200253 450 | |
| 001 | 364626 | |
| 005 | 20071225171950.0 | |
| 010 | @a978-7-5090-0235-3@dCNY25.90 | |
| 100 | @a20070327d2007 em y0chiy50 ea | |
| 101 | 0 | @achi |
| 102 | @aCN@b110000 | |
| 105 | @ay z 000yd | |
| 106 | @ar | |
| 200 | 1 | @a战国策@Azhan guo ce@e新世纪普及版@f(西汉) 刘向集录@g任浩之编译 |
| 210 | @a北京@c当代世界出版社@d2007.08 | |
| 215 | @a19, 424页@c图@d21cm | |
| 300 | @a古代史学必读经典 | |
| 330 | @a《战国策》又称《国策》,是一部战国时代各国历史情况的重要实录,主要记载了当时谋臣策士们的活动和他们游说的种种谋策。 | |
| 606 | 0 | @a战国时代@Azhan guo shi dai@x历史@j史料 |
| 690 | @aK231.04@v4 | |
| 701 | 0 | @a刘向@Aliu xiang,@f前79-前8@4集录 |
| 702 | 0 | @a任浩之@Aren hao zhi@4编译 |
| 801 | 0 | @aCN@b@c20070327 |
| 905 | @b675951-3@dK231.04@eL690@f3 | |
| 战国策:新世纪普及版/(西汉) 刘向集录/任浩之编译.-北京:当代世界出版社,2007.08 |
| 19, 424页:图;21cm |
| 古代史学必读经典 |
| ISBN 978-7-5090-0235-3:CNY25.90 |
| 《战国策》又称《国策》,是一部战国时代各国历史情况的重要实录,主要记载了当时谋臣策士们的活动和他们游说的种种谋策。 |
| ● |
| 相关链接 |
|
|
|
正题名:战国策
索取号:K231.04/L690
 
预约/预借
| 序号 | 登录号 | 条形码 | 馆藏地/架位号 | 状态 | 备注 |
| 1 | 675951 | 206759514 | 社科库309/309社科库 33排1列6层/ [索取号:K231.04/L690] | 在馆 | |
| 2 | 675952 | 206759523 | 社科库309/309社科库 33排1列6层/ [索取号:K231.04/L690] | 在馆 | |
| 3 | 675953 | 206759532 | 社科库309/309社科库 33排1列6层/ [索取号:K231.04/L690] | 在馆 |